[Event "ABC-4 2025 Groep B"]
[Site "Utrecht"]
[Date "2025.03.15"]
[Round "3.1"]
[White "Hallibert, Emilien"]
[Black "Teianu, Maxim"]
[Result "0-1"]
[WhiteFideId "8872523"]
[BlackFideId "8926093"]
[WhiteElo "2003"]
[BlackElo "1986"]

1. e4 {[%clk 00:55:16]} {[%emt 00:00:03]} e6 {[%clk 00:55:16]} {[%emt
00:00:05]} 2. d4 {[%clk 00:55:23]} {[%emt 00:00:03]} d5 {[%clk 00:55:23]}
{[%emt 00:00:03]} 3. exd5 {[%clk 00:55:30]} {[%emt 00:00:03]} exd5 {[%clk
00:55:28]} {[%emt 00:00:05]} 4. Bd3 {[%clk 00:55:35]} {[%emt 00:00:05]} c6
{[%clk 00:55:28]} {[%emt 00:00:11]} 5. Bf4 {[%clk 00:54:28]} {[%emt 00:01:16]}
Bd6 {[%clk 00:53:10]} {[%emt 00:02:28]} 6. Bxd6 {[%clk 00:54:26]} {[%emt
00:00:12]} Qxd6 {[%clk 00:53:13]} {[%emt 00:00:07]} 7. Nf3 {[%clk 00:54:11]}
{[%emt 00:00:24]} Ne7 {[%clk 00:52:10]} {[%emt 00:01:13]} 8. c3 {[%clk
00:53:23]} {[%emt 00:00:58]} Bf5 {[%clk 00:51:15]} {[%emt 00:01:05]} 9. Bxf5
{[%clk 00:52:27]} {[%emt 00:01:06]} Nxf5 {[%clk 00:51:14]} {[%emt 00:00:11]} 10.
Qe2+ {[%clk 00:52:11]} {[%emt 00:00:26]} Qe7 {[%clk 00:51:08]} {[%emt
00:00:17]} 11. Qxe7+ {[%clk 00:52:14]} {[%emt 00:00:07]} Nxe7 {[%clk 00:51:03]}
{[%emt 00:00:15]} 12. Nbd2 {[%clk 00:52:13]} {[%emt 00:00:11]} Nd7 {[%clk
00:50:45]} {[%emt 00:00:28]} 13. O-O-O {[%clk 00:51:41]} {[%emt 00:00:42]} O-O
{[%clk 00:50:03]} {[%emt 00:00:51]} 14. Rhe1 {[%clk 00:51:27]} {[%emt
00:00:25]} Rfe8 {[%clk 00:49:19]} {[%emt 00:00:53]} 15. Kc2 {[%clk 00:48:29]}
{[%emt 00:03:08]} Nf6 {[%clk 00:48:54]} {[%emt 00:00:35]} 16. Ne5 {[%clk
00:46:54]} {[%emt 00:01:45]} Nf5 {[%clk 00:48:04]} {[%emt 00:01:00]} 17. g3
{[%clk 00:34:51]} {[%emt 00:12:14]} Nd6 {[%clk 00:47:28]} {[%emt 00:00:45]} 18.
f3 {[%clk 00:33:52]} {[%emt 00:01:09]} Rac8 {[%clk 00:44:43]} {[%emt 00:02:55]}
19. Nb3 {[%clk 00:32:28]} {[%emt 00:01:34]} b6 {[%clk 00:44:13]} {[%emt
00:00:40]} 20. Nd3 {[%clk 00:26:18]} {[%emt 00:06:19]} Nc4 {[%clk 00:42:21]}
{[%emt 00:02:02]} 21. Ne5 {[%clk 00:26:06]} {[%emt 00:00:22]} Nxe5 {[%clk
00:39:39]} {[%emt 00:02:52]} 22. Rxe5 {[%clk 00:25:57]} {[%emt 00:00:20]} Rxe5
{[%clk 00:39:27]} {[%emt 00:00:23]} 23. dxe5 {[%clk 00:26:04]} {[%emt
00:00:03]} Nd7 {[%clk 00:39:29]} {[%emt 00:00:08]} 24. f4 {[%clk 00:26:03]}
{[%emt 00:00:11]} Nf8 {[%clk 00:39:33]} {[%emt 00:00:05]} 25. Nd4 {[%clk
00:24:59]} {[%emt 00:01:15]} g6 {[%clk 00:35:53]} {[%emt 00:03:50]} 26. g4
{[%clk 00:23:44]} {[%emt 00:01:25]} Ne6 {[%clk 00:35:40]} {[%emt 00:00:22]} 27.
Nxe6 {[%clk 00:22:14]} {[%emt 00:01:40]} fxe6 {[%clk 00:35:45]} {[%emt
00:00:05]} 28. Rf1 {[%clk 00:21:00]} {[%emt 00:01:23]} Rf8 {[%clk 00:35:41]}
{[%emt 00:00:15]} 29. Kd3 {[%clk 00:20:59]} {[%emt 00:00:11]} Rf7 {[%clk
00:33:10]} {[%emt 00:02:41]} 30. b4 {[%clk 00:20:23]} {[%emt 00:00:45]} c5
{[%clk 00:30:22]} {[%emt 00:02:59]} 31. Ke3 {[%clk 00:19:19]} {[%emt 00:01:14]}
cxb4 {[%clk 00:28:34]} {[%emt 00:01:58]} 32. cxb4 {[%clk 00:19:14]} {[%emt
00:00:15]} Rc7 {[%clk 00:25:48]} {[%emt 00:02:56]} 33. f5 {[%clk 00:14:14]}
{[%emt 00:05:10]} gxf5 {[%clk 00:23:25]} {[%emt 00:02:33]} 34. gxf5 {[%clk
00:14:18]} {[%emt 00:00:06]} Kf7 {[%clk 00:21:03]} {[%emt 00:02:32]} 35. f6
{[%clk 00:10:39]} {[%emt 00:03:50]} Rc3+ {[%clk 00:18:55]} {[%emt 00:02:18]} 36.
Kf4 {[%clk 00:08:47]} {[%emt 00:02:02]} Rc4+ {[%clk 00:18:44]} {[%emt
00:00:21]} 37. Kg5 {[%clk 00:07:16]} {[%emt 00:01:41]} Re4 {[%clk 00:18:41]}
{[%emt 00:00:13]} 38. a3 {[%clk 00:04:52]} {[%emt 00:02:35]} Rxe5+ {[%clk
00:18:36]} {[%emt 00:00:15]} 39. Kg4 {[%clk 00:04:54]} {[%emt 00:00:07]} d4
{[%clk 00:18:10]} {[%emt 00:00:36]} 40. Rd1 {[%clk 00:03:02]} {[%emt 00:02:02]}
Rd5 {[%clk 00:18:11]} {[%emt 00:00:10]} 41. Kf4 {[%clk 00:03:11]} Kxf6 {[%clk
00:18:04]} {[%emt 00:00:17]} 42. Ke4 {[%clk 00:03:21]} d3 {[%clk 00:17:50]}
{[%emt 00:00:24]} 43. Rxd3 {[%clk 00:03:29]} {[%emt 00:00:02]} Rxd3 {[%clk
00:17:54]} {[%emt 00:00:06]} 44. Kxd3 {[%clk 00:03:39]} Ke5 {[%clk 00:17:55]}
{[%emt 00:00:10]} 45. Kc4 {[%clk 00:02:22]} {[%emt 00:01:27]} a6 {[%clk
00:17:42]} {[%emt 00:00:23]} 46. a4 {[%clk 00:01:36]} {[%emt 00:00:56]} Kd6
{[%clk 00:16:48]} {[%emt 00:01:03]} 47. h3 {[%clk 00:01:24]} {[%emt 00:00:21]}
h6 {[%clk 00:16:50]} {[%emt 00:00:09]} 48. Kd4 {[%clk 00:01:33]} e5+ {[%clk
00:16:52]} {[%emt 00:00:08]} 49. Ke4 {[%clk 00:01:42]} {[%emt 00:00:01]} Ke6
{[%clk 00:16:57]} {[%emt 00:00:05]} 50. Ke3 {[%clk 00:00:52]} {[%emt 00:00:59]}
Kd5 {[%clk 00:16:58]} {[%emt 00:00:10]} 51. Kd3 {[%clk 00:00:58]} {[%emt
00:00:03]} e4+ {[%clk 00:16:58]} {[%emt 00:00:10]} 52. Ke3 {[%clk 00:00:42]}
{[%emt 00:00:27]} Ke5 {[%clk 00:16:53]} {[%emt 00:00:15]} 53. h4 {[%clk
00:00:42]} {[%emt 00:00:10]} h5 {[%clk 00:16:56]} {[%emt 00:00:07]} 54. Ke2
{[%clk 00:00:22]} {[%emt 00:00:30]} Kf4 {[%clk 00:16:48]} {[%emt 00:00:18]} 55.
Kf2 {[%clk 00:00:29]} {[%emt 00:00:02]} e3+ {[%clk 00:16:18]} {[%emt 00:00:41]}
56. Ke2 {[%clk 00:00:39]} Ke4 {[%clk 00:16:23]} {[%emt 00:00:06]} 57. Ke1
{[%clk 00:00:39]} {[%emt 00:00:09]} Kd3 {[%clk 00:16:25]} {[%emt 00:00:07]} 58.
Kd1 {[%clk 00:00:48]} {[%emt 00:00:01]} Kc4 {[%clk 00:16:13]} {[%emt 00:00:22]}
59. b5 {[%clk 00:00:20]} {[%emt 00:00:38]} axb5 {[%clk 00:16:17]} {[%emt
00:00:06]} 60. axb5 {[%clk 00:00:30]} Kxb5 {[%clk 00:16:18]} {[%emt 00:00:10]}
61. Ke2 {[%clk 00:00:39]} Kc4 {[%clk 00:16:16]} {[%emt 00:00:12]} 62. Kxe3
{[%clk 00:00:48]} b5 {[%clk 00:16:21]} {[%emt 00:00:06]} 63. Kf4 {[%clk
00:00:57]} {[%emt 00:00:01]} b4 {[%clk 00:16:23]} {[%emt 00:00:08]} 64. Kg5
{[%clk 00:01:06]} b3 {[%clk 00:16:26]} {[%emt 00:00:07]} 65. Kxh5 {[%clk
00:01:12]} {[%emt 00:00:02]} b2 {[%clk 00:16:32]} {[%emt 00:00:05]} 66. Kh6
{[%clk 00:01:14]} {[%emt 00:00:06]} b1=Q {[%clk 00:16:37]} {[%emt 00:00:08]} 67.
h5 {[%clk 00:01:20]} {[%emt 00:00:03]} Qg1 {[%clk 00:16:37]} {[%emt 00:00:09]}
68. Kh7 {[%clk 00:01:24]} {[%emt 00:00:06]} Kd5 {[%clk 00:16:32]} {[%emt
00:00:17]} 69. h6 {[%clk 00:01:24]} {[%emt 00:00:09]} Ke6 {[%clk 00:16:34]}
{[%emt 00:00:08]} 70. Kh8 {[%clk 00:01:24]} {[%emt 00:00:10]} Kf7 {[%clk
00:16:36]} {[%emt 00:00:08]} 71. h7 {[%clk 00:01:30]} {[%emt 00:00:04]} Qg7+
{[%clk 00:16:43]} {[%emt 00:00:03]} 0-1

[Event "ABC-4 2025 Groep B"]
[Site "Utrecht"]
[Date "2025.03.15"]
[Round "3.2"]
[White "De Wit, Evan"]
[Black "Darie, Aden"]
[Result "0-1"]
[WhiteFideId "8935949"]
[BlackFideId "8971622"]
[WhiteElo "2049"]
[BlackElo "1878"]

1. d4 {[%clk 00:55:18]} {[%emt 00:00:02]} Nf6 {[%clk 00:55:12]} {[%emt
00:00:08]} 2. c4 {[%clk 00:55:22]} {[%emt 00:00:07]} e6 {[%clk 00:55:17]}
{[%emt 00:00:04]} 3. Nc3 {[%clk 00:55:15]} {[%emt 00:00:16]} Bb4 {[%clk
00:55:21]} {[%emt 00:00:06]} 4. a3 {[%clk 00:55:12]} {[%emt 00:00:14]} Bxc3+
{[%clk 00:55:24]} {[%emt 00:00:07]} 5. bxc3 {[%clk 00:55:21]} {[%emt 00:00:01]}
b6 {[%clk 00:55:21]} {[%emt 00:00:13]} 6. f3 {[%clk 00:55:00]} {[%emt
00:00:31]} d5 {[%clk 00:55:25]} {[%emt 00:00:05]} 7. e3 {[%clk 00:55:04]}
{[%emt 00:00:06]} O-O {[%clk 00:55:15]} {[%emt 00:00:19]} 8. Bd3 {[%clk
00:55:10]} {[%emt 00:00:05]} Nbd7 {[%clk 00:54:47]} {[%emt 00:00:38]} 9. Ne2
{[%clk 00:54:40]} {[%emt 00:00:40]} c5 {[%clk 00:54:49]} {[%emt 00:00:08]} 10.
O-O {[%clk 00:54:38]} {[%emt 00:00:11]} Re8 {[%clk 00:54:34]} {[%emt 00:00:25]}
11. Ng3 {[%clk 00:51:51]} {[%emt 00:02:57]} Qc7 {[%clk 00:54:10]} {[%emt
00:00:34]} 12. cxd5 {[%clk 00:49:05]} {[%emt 00:02:56]} exd5 {[%clk 00:53:52]}
{[%emt 00:00:27]} 13. e4 {[%clk 00:48:42]} {[%emt 00:00:33]} dxe4 {[%clk
00:53:02]} {[%emt 00:01:00]} 14. fxe4 {[%clk 00:48:37]} {[%emt 00:00:15]} cxd4
{[%clk 00:52:22]} {[%emt 00:00:51]} 15. cxd4 {[%clk 00:48:07]} {[%emt
00:00:40]} Bb7 {[%clk 00:51:47]} {[%emt 00:00:45]} 16. e5 {[%clk 00:46:26]}
{[%emt 00:01:50]} Qc3 {[%clk 00:51:01]} {[%emt 00:00:56]} 17. Be3 {[%clk
00:43:03]} {[%emt 00:03:33]} Rad8 {[%clk 00:50:27]} {[%emt 00:00:43]} 18. Ne2
{[%clk 00:37:37]} {[%emt 00:05:36]} Qc6 {[%clk 00:49:01]} {[%emt 00:01:37]} 19.
Nf4 {[%clk 00:37:37]} {[%emt 00:00:10]} Nd5 {[%clk 00:48:23]} {[%emt 00:00:48]}
20. Bxh7+ {[%clk 00:36:18]} {[%emt 00:01:29]} Kxh7 {[%clk 00:48:10]} {[%emt
00:00:24]} 21. Nxd5 {[%clk 00:34:04]} {[%emt 00:02:24]} Qxd5 {[%clk 00:47:33]}
{[%emt 00:00:47]} 22. Qg4 {[%clk 00:31:52]} {[%emt 00:02:22]} Nf8 {[%clk
00:46:31]} {[%emt 00:01:11]} 23. Rf3 {[%clk 00:25:37]} {[%emt 00:06:26]} Kg8
{[%clk 00:45:34]} {[%emt 00:01:06]} 24. Rg3 {[%clk 00:22:28]} {[%emt 00:03:20]}
Ng6 {[%clk 00:44:53]} {[%emt 00:00:50]} 25. Rf1 {[%clk 00:18:15]} {[%emt
00:04:23]} Rc8 {[%clk 00:44:03]} {[%emt 00:01:00]} 26. h4 {[%clk 00:16:44]}
{[%emt 00:01:42]} Qe6 {[%clk 00:42:24]} {[%emt 00:01:45]} 27. Rf5 {[%clk
00:11:51]} {[%emt 00:05:07]} Rc2 {[%clk 00:39:58]} {[%emt 00:02:36]} 28. Rg5
{[%clk 00:10:39]} {[%emt 00:01:22]} Qxg4 {[%clk 00:39:18]} {[%emt 00:00:50]} 29.
R5xg4 {[%clk 00:10:38]} {[%emt 00:00:11]} Rc3 {[%clk 00:33:49]} {[%emt
00:05:39]} 30. h5 {[%clk 00:10:13]} {[%emt 00:00:35]} Rxe3 {[%clk 00:33:51]}
{[%emt 00:00:08]} 31. Rxe3 {[%clk 00:10:14]} {[%emt 00:00:09]} Ne7 {[%clk
00:33:57]} {[%emt 00:00:04]} 32. Rc3 {[%clk 00:09:09]} {[%emt 00:01:16]} Rc8
{[%clk 00:33:45]} {[%emt 00:00:21]} 33. Rxc8+ {[%clk 00:08:34]} {[%emt
00:00:45]} Bxc8 {[%clk 00:33:50]} {[%emt 00:00:05]} 34. Rf4 {[%clk 00:07:57]}
{[%emt 00:00:47]} Nd5 {[%clk 00:33:47]} {[%emt 00:00:12]} 35. Rf1 {[%clk
00:06:26]} {[%emt 00:01:42]} Bd7 {[%clk 00:33:33]} {[%emt 00:00:25]} 36. Rc1
{[%clk 00:05:56]} {[%emt 00:00:39]} Kh7 {[%clk 00:33:38]} {[%emt 00:00:05]} 37.
Kf2 {[%clk 00:05:29]} {[%emt 00:00:37]} Kh6 {[%clk 00:33:34]} {[%emt 00:00:14]}
38. Kf3 {[%clk 00:05:18]} {[%emt 00:00:21]} Kxh5 {[%clk 00:32:47]} {[%emt
00:00:57]} 39. Ke4 {[%clk 00:05:22]} {[%emt 00:00:06]} Be6 {[%clk 00:32:40]}
{[%emt 00:00:16]} 40. Rc6 {[%clk 00:05:07]} {[%emt 00:00:25]} Ne7 {[%clk
00:30:50]} {[%emt 00:02:01]} 41. Rd6 {[%clk 00:04:49]} {[%emt 00:00:28]} b5
{[%clk 00:29:44]} {[%emt 00:01:16]} 42. Rd8 {[%clk 00:03:15]} {[%emt 00:01:44]}
a5 {[%clk 00:29:36]} {[%emt 00:00:19]} 43. Kf4 {[%clk 00:02:45]} {[%emt
00:00:39]} b4 {[%clk 00:29:20]} {[%emt 00:00:27]} 44. axb4 {[%clk 00:02:50]}
{[%emt 00:00:05]} axb4 {[%clk 00:29:19]} {[%emt 00:00:11]} 45. Rb8 {[%clk
00:02:59]} b3 {[%clk 00:29:19]} {[%emt 00:00:10]} 46. g4+ {[%clk 00:03:03]}
{[%emt 00:00:06]} Kg6 {[%clk 00:29:25]} {[%emt 00:00:04]} 47. Rb7 {[%clk
00:02:51]} {[%emt 00:00:22]} Nd5+ {[%clk 00:28:49]} {[%emt 00:00:46]} 48. Ke4
{[%clk 00:02:44]} {[%emt 00:00:17]} Nc3+ {[%clk 00:28:36]} {[%emt 00:00:23]} 49.
Kd3 {[%clk 00:02:43]} {[%emt 00:00:11]} Nd1 {[%clk 00:27:37]} {[%emt 00:01:09]}
50. Rb6 {[%clk 00:02:22]} {[%emt 00:00:31]} Kg5 {[%clk 00:27:38]} {[%emt
00:00:08]} 51. Kd2 {[%clk 00:02:12]} {[%emt 00:00:20]} Nf2 {[%clk 00:27:30]}
{[%emt 00:00:18]} 52. Ke3 {[%clk 00:02:07]} {[%emt 00:00:16]} Nxg4+ {[%clk
00:27:16]} {[%emt 00:00:23]} 53. Ke4 {[%clk 00:02:14]} {[%emt 00:00:03]} Nf2+
{[%clk 00:27:19]} {[%emt 00:00:07]} 54. Ke3 {[%clk 00:02:20]} {[%emt 00:00:04]}
Nd1+ {[%clk 00:27:11]} {[%emt 00:00:17]} 55. Kd2 {[%clk 00:02:27]} {[%emt
00:00:03]} Nb2 {[%clk 00:27:00]} {[%emt 00:00:21]} 56. Rxe6 {[%clk 00:01:45]}
{[%emt 00:00:53]} Nc4+ {[%clk 00:26:34]} {[%emt 00:00:36]} 0-1

[Event "ABC-4 2025 Groep B"]
[Site "Utrecht"]
[Date "2025.03.15"]
[Round "3.3"]
[White "Katpatal, Akshaj"]
[Black "Garay, Enzo"]
[Result "1/2-1/2"]
[WhiteFideId "8800165"]
[BlackFideId "8989948"]
[WhiteElo "1974"]
[BlackElo "1978"]

1. e4 {[%clk 00:55:18]} {[%emt 00:00:02]} c5 {[%clk 00:54:43]} {[%emt
00:00:37]} 2. Nf3 {[%clk 00:55:20]} {[%emt 00:00:09]} Nc6 {[%clk 00:54:48]}
{[%emt 00:00:05]} 3. d4 {[%clk 00:55:22]} {[%emt 00:00:08]} cxd4 {[%clk
00:54:53]} {[%emt 00:00:04]} 4. Nxd4 {[%emt 00:00:08]} g6 {[%clk 00:54:58]}
{[%emt 00:00:02]} 5. Be3 {[%clk 00:55:02]} {[%emt 00:00:34]} Bg7 {[%clk
00:54:53]} {[%emt 00:00:16]} 6. Nc3 {[%clk 00:54:31]} {[%emt 00:00:41]} Nf6
{[%clk 00:54:33]} {[%emt 00:00:29]} 7. f3 {[%clk 00:53:14]} {[%emt 00:01:27]}
O-O {[%clk 00:54:27]} {[%emt 00:00:15]} 8. Qd2 {[%clk 00:52:02]} {[%emt
00:01:23]} d5 {[%clk 00:54:25]} {[%emt 00:00:12]} 9. Nxc6 {[%clk 00:49:30]}
{[%emt 00:02:42]} bxc6 {[%clk 00:54:32]} {[%emt 00:00:04]} 10. exd5 {[%clk
00:47:09]} {[%emt 00:02:31]} Nxd5 {[%clk 00:53:42]} {[%emt 00:01:00]} 11. Nxd5
{[%clk 00:47:08]} {[%emt 00:00:10]} cxd5 {[%clk 00:53:48]} {[%emt 00:00:05]} 12.
c3 {[%clk 00:46:49]} {[%emt 00:00:29]} e5 {[%clk 00:53:14]} {[%emt 00:00:43]}
13. Rd1 {[%clk 00:44:18]} {[%emt 00:02:43]} Be6 {[%clk 00:52:33]} {[%emt
00:00:51]} 14. Bc5 {[%clk 00:39:30]} {[%emt 00:04:56]} Re8 {[%clk 00:50:57]}
{[%emt 00:01:47]} 15. Bb5 {[%clk 00:37:38]} {[%emt 00:02:02]} Bd7 {[%clk
00:36:35]} {[%emt 00:14:33]} 16. Bxd7 {[%clk 00:29:28]} {[%emt 00:08:20]} Qxd7
{[%clk 00:36:41]} {[%emt 00:00:04]} 17. Qxd5 {[%clk 00:29:11]} {[%emt
00:00:27]} Qb5 {[%clk 00:36:46]} {[%emt 00:00:05]} 18. Bb4 {[%clk 00:27:44]}
{[%emt 00:01:34]} Qb6 {[%clk 00:36:24]} {[%emt 00:00:35]} 19. Qc5 {[%clk
00:25:36]} {[%emt 00:02:17]} Qa6 {[%clk 00:36:00]} {[%emt 00:00:34]} 20. Qd5
{[%clk 00:21:06]} {[%emt 00:04:38]} Qb6 {[%clk 00:35:56]} {[%emt 00:00:17]} 21.
Qc5 {[%clk 00:18:56]} {[%emt 00:02:19]} Qa6 {[%clk 00:35:54]} {[%emt 00:00:12]}
22. Qd5 {[%clk 00:15:52]} {[%emt 00:03:14]} Qb6 {[%emt 00:00:24]} 23. Qc5
{[%emt 00:00:02]} Qa6 {[%emt 00:00:03]} 24. Qd5 {[%emt 00:00:05]} Qb6 25. Qc5
Qa6 {[%emt 00:00:02]} 26. Qa5 {[%emt 00:00:03]} Qc4 {[%emt 00:00:05]} 27. Rd7
{[%emt 00:00:07]} e4 {[%emt 00:00:02]} 1/2-1/2

[Event "ABC-4 2025 Groep B"]
[Site "Utrecht"]
[Date "2025.03.15"]
[Round "3.4"]
[White "Kshirsagar, Pranav"]
[Black "Heus, Daan"]
[Result "0-1"]
[WhiteFideId "8887615"]
[BlackFideId "8814652"]
[WhiteElo "2161"]
[BlackElo "1956"]

1. d4 {[%clk 00:55:18]} {[%emt 00:00:01]} d5 {[%clk 00:55:15]} {[%emt
00:00:05]} 2. c4 {[%clk 00:55:24]} {[%emt 00:00:04]} e6 {[%clk 00:55:22]}
{[%emt 00:00:04]} 3. Nf3 {[%clk 00:55:31]} {[%emt 00:00:03]} a6 {[%clk
00:55:25]} {[%emt 00:00:07]} 4. cxd5 {[%clk 00:54:31]} {[%emt 00:01:10]} exd5
{[%clk 00:55:29]} {[%emt 00:00:06]} 5. g3 {[%clk 00:54:22]} {[%emt 00:00:19]}
Nf6 {[%clk 00:55:20]} {[%emt 00:00:19]} 6. Bg2 {[%clk 00:54:19]} {[%emt
00:00:13]} Bd6 {[%clk 00:54:30]} {[%emt 00:01:00]} 7. Nc3 {[%clk 00:54:05]}
{[%emt 00:00:24]} O-O {[%clk 00:53:56]} {[%emt 00:00:44]} 8. O-O {[%clk
00:53:51]} {[%emt 00:00:25]} c6 {[%clk 00:53:38]} {[%emt 00:00:29]} 9. Qc2
{[%clk 00:52:31]} {[%emt 00:01:29]} Re8 {[%clk 00:52:13]} {[%emt 00:01:35]} 10.
Re1 {[%clk 00:49:54]} {[%emt 00:02:47]} Nbd7 {[%clk 00:50:04]} {[%emt
00:02:19]} 11. a3 {[%clk 00:47:20]} {[%emt 00:02:44]} h6 {[%clk 00:47:41]}
{[%emt 00:02:32]} 12. b4 {[%clk 00:43:50]} {[%emt 00:03:40]} Nf8 {[%clk
00:40:19]} {[%emt 00:07:33]} 13. Bb2 {[%clk 00:43:08]} {[%emt 00:00:52]} Ng6
{[%clk 00:38:12]} {[%emt 00:02:17]} 14. Rad1 {[%clk 00:40:23]} {[%emt
00:02:55]} Be6 {[%clk 00:34:16]} {[%emt 00:04:05]} 15. Nd2 {[%clk 00:36:14]}
{[%emt 00:04:19]} Rc8 {[%clk 00:28:07]} {[%emt 00:06:20]} 16. Na4 {[%clk
00:33:04]} {[%emt 00:03:19]} b6 {[%clk 00:23:36]} {[%emt 00:04:42]} 17. f3
{[%clk 00:28:47]} {[%emt 00:04:27]} Bc7 {[%clk 00:17:52]} {[%emt 00:05:55]} 18.
Qd3 {[%clk 00:20:08]} {[%emt 00:08:48]} Qd7 {[%clk 00:16:03]} {[%emt 00:01:58]}
19. Nc3 {[%clk 00:18:15]} {[%emt 00:02:03]} Bh3 {[%clk 00:14:51]} {[%emt
00:01:22]} 20. Qxa6 {[%clk 00:16:00]} {[%emt 00:02:26]} Nh5 {[%clk 00:12:30]}
{[%emt 00:02:31]} 21. e3 {[%clk 00:09:58]} {[%emt 00:06:12]} Bxg2 {[%clk
00:10:09]} {[%emt 00:02:31]} 22. Kxg2 {[%clk 00:09:58]} {[%emt 00:00:10]} b5
{[%clk 00:09:25]} {[%emt 00:00:54]} 23. Nb3 {[%clk 00:02:21]} {[%emt 00:07:47]}
Ra8 {[%clk 00:09:14]} {[%emt 00:00:21]} 24. Nc5 {[%clk 00:02:26]} {[%emt
00:00:06]} Qd6 {[%clk 00:08:35]} {[%emt 00:00:49]} 25. Nxb5 {[%clk 00:02:24]}
{[%emt 00:00:12]} cxb5 {[%clk 00:06:45]} {[%emt 00:01:59]} 26. Qxb5 {[%clk
00:00:34]} {[%emt 00:02:01]} Nh4+ {[%clk 00:05:19]} {[%emt 00:01:35]} 27. Kf2
{[%clk 00:00:12]} {[%emt 00:00:32]} Nxg3 {[%clk 00:04:46]} {[%emt 00:00:43]} 28.
Nb7 {[%clk 00:00:12]} {[%emt 00:00:10]} Qf6 {[%clk 00:04:16]} {[%emt 00:00:40]}
29. f4 {[%clk 00:00:14]} {[%emt 00:00:08]} Bxf4 {[%clk 00:02:57]} {[%emt
00:01:29]} 30. exf4 {[%emt 00:00:11]} Qxf4+ {[%clk 00:02:59]} {[%emt 00:00:06]}
31. Kg1 {[%clk 00:00:22]} {[%emt 00:00:03]} Rxe1+ {[%clk 00:02:21]} {[%emt
00:00:48]} 32. Rxe1 {[%clk 00:00:29]} {[%emt 00:00:03]} Nf3+ {[%clk 00:02:19]}
{[%emt 00:00:12]} 33. Kg2 {[%clk 00:00:16]} {[%emt 00:00:22]} Nxe1+ {[%clk
00:02:21]} {[%emt 00:00:08]} 34. Kh3 {[%clk 00:00:24]} {[%emt 00:00:02]} Qf5+
{[%clk 00:01:41]} {[%emt 00:00:49]} 35. Kxg3 {[%clk 00:00:27]} {[%emt
00:00:08]} Qf3+ {[%clk 00:01:39]} {[%emt 00:00:13]} 0-1

[Event "ABC-4 2025 Groep B"]
[Site "Utrecht"]
[Date "2025.03.15"]
[Round "3.5"]
[White "Kolijn, David"]
[Black "Frederiks, Jesse"]
[Result "1/2-1/2"]
[WhiteFideId "8881345"]
[BlackFideId "8829810"]
[WhiteElo "1900"]
[BlackElo "1887"]

1. e4 {[%clk 00:55:17]} {[%emt 00:00:02]} Nc6 {[%clk 00:54:44]} {[%emt
00:00:36]} 2. Nf3 {[%clk 00:52:54]} {[%emt 00:02:33]} e5 {[%clk 00:54:13]}
{[%emt 00:00:41]} 3. Nc3 {[%clk 00:52:53]} {[%emt 00:00:11]} Nf6 {[%clk
00:53:34]} {[%emt 00:00:49]} 4. g3 {[%clk 00:52:57]} {[%emt 00:00:07]} d6
{[%clk 00:51:20]} {[%emt 00:02:24]} 5. Bg2 {[%clk 00:52:41]} {[%emt 00:00:25]}
Be7 {[%clk 00:50:17]} {[%emt 00:01:14]} 6. O-O {[%clk 00:52:38]} {[%emt
00:00:13]} O-O {[%clk 00:48:19]} {[%emt 00:02:07]} 7. h3 {[%clk 00:52:09]}
{[%emt 00:00:39]} h6 {[%clk 00:46:32]} {[%emt 00:01:58]} 8. d4 {[%clk
00:51:05]} {[%emt 00:01:14]} Nh7 {[%clk 00:40:03]} {[%emt 00:06:38]} 9. d5
{[%clk 00:37:01]} {[%emt 00:14:15]} Nb8 {[%clk 00:40:00]} {[%emt 00:00:13]} 10.
Ne1 {[%clk 00:32:39]} {[%emt 00:04:32]} Bd7 {[%clk 00:32:08]} {[%emt 00:08:03]}
11. f4 {[%clk 00:28:39]} {[%emt 00:04:10]} Qc8 {[%clk 00:30:23]} {[%emt
00:01:55]} 12. Kh2 {[%clk 00:28:21]} {[%emt 00:00:28]} Be8 {[%clk 00:20:52]}
{[%emt 00:09:40]} 13. fxe5 {[%clk 00:24:16]} {[%emt 00:04:15]} dxe5 {[%clk
00:20:34]} {[%emt 00:00:29]} 14. Nd3 {[%clk 00:24:08]} {[%emt 00:00:17]} Bd6
{[%clk 00:19:18]} {[%emt 00:01:27]} 15. Be3 {[%clk 00:20:40]} {[%emt 00:03:38]}
Nd7 {[%clk 00:18:19]} {[%emt 00:01:08]} 16. Qd2 {[%clk 00:17:42]} {[%emt
00:03:09]} Qd8 {[%clk 00:16:56]} {[%emt 00:01:33]} 17. Rf2 {[%clk 00:16:56]}
{[%emt 00:00:55]} Qe7 {[%clk 00:15:50]} {[%emt 00:01:17]} 18. Raf1 {[%clk
00:14:38]} {[%emt 00:02:28]} Nc5 {[%clk 00:14:08]} {[%emt 00:01:52]} 19. Ne1
{[%clk 00:13:29]} {[%emt 00:01:19]} a5 {[%clk 00:12:30]} {[%emt 00:01:48]} 20.
Nf3 {[%clk 00:12:27]} {[%emt 00:01:11]} b5 {[%clk 00:11:19]} {[%emt 00:01:24]}
21. Nh4 {[%clk 00:11:50]} {[%emt 00:00:45]} Bd7 {[%clk 00:10:15]} {[%emt
00:01:15]} 22. Nf5 {[%clk 00:11:52]} {[%emt 00:00:08]} Bxf5 {[%clk 00:10:14]}
{[%emt 00:00:11]} 23. Rxf5 {[%clk 00:11:40]} {[%emt 00:00:22]} b4 {[%clk
00:09:57]} {[%emt 00:00:27]} 24. Nb5 {[%clk 00:10:14]} {[%emt 00:01:36]} f6
{[%clk 00:07:57]} {[%emt 00:02:10]} 25. Nxd6 {[%clk 00:09:53]} {[%emt
00:00:30]} cxd6 {[%clk 00:06:49]} {[%emt 00:01:18]} 26. Bxc5 {[%clk 00:09:29]}
{[%emt 00:00:35]} dxc5 {[%clk 00:06:58]} {[%emt 00:00:01]} 27. h4 {[%clk
00:08:32]} {[%emt 00:01:06]} Rf7 {[%clk 00:04:55]} {[%emt 00:02:13]} 28. Bh3
{[%clk 00:07:47]} {[%emt 00:00:55]} Qd6 {[%clk 00:04:40]} {[%emt 00:00:26]} 29.
Qd3 {[%clk 00:05:40]} {[%emt 00:02:17]} Nf8 {[%clk 00:04:37]} {[%emt 00:00:13]}
30. b3 {[%clk 00:04:08]} {[%emt 00:01:42]} 1/2-1/2